La gestion del proceso de edificacion : (Record no. 122240)
[ view plain ]
| 000 -LEADER | |
|---|---|
| fixed length control field | 02601nam a22003133i 4500 |
| 001 - CONTROL NUMBER | |
| control field | BDZ0058972920 |
| 003 - CONTROL NUMBER IDENTIFIER | |
| control field | StDuBDS |
| 005 - DATE AND TIME OF LATEST TRANSACTION | |
| control field | 20260203110910.0 |
| 007 - PHYSICAL DESCRIPTION FIXED FIELD--GENERAL INFORMATION | |
| fixed length control field | cr|||||||||||| |
| 008 - FIXED-LENGTH DATA ELEMENTS--GENERAL INFORMATION | |
| fixed length control field | 260108s2025 enk go 000|0 spa d |
| 020 ## - INTERNATIONAL STANDARD BOOK NUMBER | |
| International Standard Book Number | 9788429100204 : |
| Terms of availability | 23.32 |
| 040 ## - CATALOGING SOURCE | |
| Original cataloging agency | StDuBDS |
| Language of cataloging | eng |
| Description conventions | rda |
| Transcribing agency | StDuBDS |
| 072 #7 - SUBJECT CATEGORY CODE | |
| Subject category code | AM |
| Source | bicssc |
| 072 #7 - SUBJECT CATEGORY CODE | |
| Subject category code | ARC |
| Source | ukslc |
| 072 #7 - SUBJECT CATEGORY CODE | |
| Subject category code | AM |
| Source | thema |
| 100 1# - MAIN ENTRY--PERSONAL NAME | |
| Personal name | Gavin, Tunstall, |
| Relator term | author. |
| 245 10 - TITLE STATEMENT | |
| Title | La gestion del proceso de edificacion : |
| Remainder of title | Del croquis a la ejecucion / |
| Statement of responsibility, etc. | Tunstall Gavin. |
| 264 #1 - PRODUCTION, PUBLICATION, DISTRIBUTION, MANUFACTURE, AND COPYRIGHT NOTICE | |
| Place of production, publication, distribution, manufacture | Barcelona, |
| Name of producer, publisher, distributor, manufacturer | Editorial Reverte, S.A., |
| Date of production, publication, distribution, manufacture, or copyright notice | 2025. |
| 300 ## - PHYSICAL DESCRIPTION | |
| Extent | 1 online resource |
| 336 ## - CONTENT TYPE | |
| Content type term | text |
| Source | rdacontent |
| 337 ## - MEDIA TYPE | |
| Media type term | unmediated |
| Source | rdamedia |
| 338 ## - CARRIER TYPE | |
| Carrier type term | volume |
| Source | rdacarrier |
| 366 ## - TRADE AVAILABILITY INFORMATION | |
| Detailed date of publication | 20251212 |
| Availability status code | Available |
| 520 8# - SUMMARY, ETC. | |
| Summary, etc. | Este libro va dirigido a estudiantes de arquitectura y de otros grados relacionados con la edificacion en las areas de proyecto y ejecucion. La formacion tecnica suele preparar a estos alumnos para entender objetos tangibles (como los edificios) desde el punto de vista del resultado deseado; este manual les hace ver tambien los procesos necesarios para conseguirlos. El proceso de proyectar y construir edificios es una actividad compleja, que refleja las competencias tecnicas, el punto de vista y las expectativas de muchos individuos que deben dar respuesta a desafios tecnicos y filosoficos, solucionar discusiones y enfrentarse a los inevitables conflictos asociados al trabajo conjunto. En este libro se hace un repaso de las personas que intervienen en este proceso, sus papeles y puntos de vista, asi como de los procedimientos, las fases, los aspectos importantes en cada momento y los criterios que miden el exito o el fracaso. Este libro es tambien muy util para los arquitectos que deseen experimentar nuevos campos para su trabajo profesional y aplicar su amplia panoplia de habilidades, adquirida en las escuelas de arquitectura gracias a una formacion esplendida, pero que a veces se desaprovecha al limitarse al trabajo sobre los componentes fisicos del proyecto, es decir, a los documentos que lo describen o lo que es peor- a los planos. Los comentarios anaden las adaptaciones necesarias para el ambito espanol y permiten una vision estereoscopica de dos maneras de realizar un mismo proceso, con sus sorprendentes similitudes y sus sorprendentes diferencias. |
| 650 #7 - SUBJECT ADDED ENTRY--TOPICAL TERM | |
| Topical term or geographic name entry element | CONSTRUCTION |
| 650 #7 - SUBJECT ADDED ENTRY--TOPICAL TERM | |
| Topical term or geographic name entry element | EBOOK |
| 856 40 - ELECTRONIC LOCATION AND ACCESS | |
| Uniform Resource Identifier | <a href="https://www.vlebooks.com/product/openreader?id=RICS&accId=9491556&isbn=9788429100204">https://www.vlebooks.com/product/openreader?id=RICS&accId=9491556&isbn=9788429100204</a> |
| Public note | Available via Vlebooks (email [email protected] if you do not have a login) |
| 942 ## - ADDED ENTRY ELEMENTS (KOHA) | |
| Source of classification or shelving scheme | Dewey Decimal Classification |
| Withdrawn status | Lost status | Damaged status | Not for loan | Home library | Current library | Shelving location | Date acquired | Total Checkouts | Full call number | Date last seen | Price effective from | Koha item type | Public note |
|---|---|---|---|---|---|---|---|---|---|---|---|---|---|
| Virtual | Virtual | Online | 03/02/2026 | EBOOK | 03/02/2026 | 03/02/2026 | Book | Available via Vlebooks (email [email protected] if you do not have a login) |